000 00308nam a2200157Ia 4500
100 _aHallliday/David
250 _a5
942 _cBK
654 _aPhysics
245 _aFundamenals of Physics
260 _bWiley
_c1997
082 _a539
_bHAL/RES
300 _a1142
546 _aENGLISH
999 _c29831
_d29831